[Event "Niedersachsen-ch B"]
[Site "Verden"]
[Date "2010.01.04"]
[Round "4.50"]
[White "Petrov, Iouri"]
[Black "Kickert, Germaine Helene"]
[Result "0-1"]
[WhiteElo "1443"]
[BlackElo "1972"]
[PlyCount "86"]
[EventDate "2010.01.??"]
[EventType "swiss"]
[EventRounds "7"]
[EventCountry "GER"]
[SourceDate "2005.10.24"]

1. d4 Nf6 2. Nf3 c5 3. c3 e6 4. Bg5 cxd4 5. cxd4 Qa5+ 6. Bd2 Qb6 7. Qb3 Qxb3 8.
axb3 Be7 9. e3 O-O 10. Bd3 d5 11. O-O Nc6 12. Nc3 Nb4 13. Be2 Bd7 14. Ne5 Rfc8
15. Nd3 Nc6 16. Rfc1 b6 17. Rc2 Na5 18. b4 Nc4 19. Ne5 Nxd2 20. Rxd2 Bxb4 21.
Rc2 Bxc3 22. Nxd7 Nxd7 23. Rxc3 Rxc3 24. bxc3 a5 25. Bb5 Nf6 26. f3 Kf8 27. Kf2
Ke7 28. Ke2 Kd6 29. Kd3 Kc7 30. e4 h5 31. e5 Ne8 32. h4 Kb7 33. c4 Nc7 34. Ra4
Rd8 35. Ra3 dxc4+ 36. Bxc4 b5 37. Ba2 Kb6 38. g4 b4 39. Ra4 Nb5 40. Bb3 Rxd4+
41. Ke3 hxg4 42. fxg4 Rxg4 43. Kd3 Rg3+ 0-1

[Event "Niedersachsen-ch B"]
[Site "Verden"]
[Date "2010.01.04"]
[Round "4.51"]
[White "Bonacic, Jascha"]
[Black "Klosa, Kevin"]
[Result "0-1"]
[WhiteElo "1764"]
[BlackElo "1416"]
[PlyCount "68"]
[EventDate "2010.01.??"]
[EventType "swiss"]
[EventRounds "7"]
[EventCountry "GER"]
[SourceDate "2005.10.24"]

1. e4 e5 2. Nf3 Nc6 3. Bb5 a6 4. Ba4 Nf6 5. O-O b5 6. Bb3 Bc5 7. Re1 d6 8. h3
O-O 9. c3 h6 10. d4 Bb6 11. a4 Bb7 12. Na3 Re8 13. Qd3 exd4 {(=)} 14. cxd4 Nb4
15. Bxf7+ Kxf7 16. Qb3+ Kf8 17. Qxb4 Bxe4 18. a5 c5 19. dxc5 Bxa5 20. Qd4 Bxe1
21. Nxe1 dxc5 22. Qxc5+ Kg8 23. Be3 Qd5 24. Nec2 Qxc5 25. Bxc5 Rec8 26. b4 Bxc2
27. Nxc2 Ne4 28. f4 Nxc5 29. bxc5 Rxc5 30. Nd4 a5 31. g4 a4 32. Ne6 Rc4 33. Kf2
a3 34. Ke2 Re4+ 0-1

[Event "Niedersachsen-ch B"]
[Site "Verden"]
[Date "2010.01.04"]
[Round "4.52"]
[White "Richters, Maik"]
[Black "Eickelkamp, Jan Hendrik"]
[Result "0-1"]
[WhiteElo "1424"]
[BlackElo "1928"]
[PlyCount "52"]
[EventDate "2010.01.??"]
[EventType "swiss"]
[EventRounds "7"]
[EventCountry "GER"]
[SourceDate "2005.10.24"]

1. e4 c5 2. Na3 d6 3. Bb5+ Nd7 4. c3 Ngf6 5. Bxd7+ Bxd7 6. d3 e6 7. Bg5 Be7 8.
Nf3 b5 9. e5 Nd5 10. Bxe7 Qxe7 11. c4 Nf4 12. O-O b4 13. Nb5 Bxb5 14. cxb5 O-O
15. a3 dxe5 16. axb4 Rfd8 17. Qc2 cxb4 18. Nxe5 Qg5 19. g3 Qxe5 20. gxf4 Qxf4
21. Qc4 Rd4 22. Qc6 Rad8 23. Rxa7 R4d5 24. Rfa1 Qg4+ 25. Kf1 Qh3+ 26. Ke1 Re5+
0-1

[Event "Niedersachsen-ch B"]
[Site "Verden"]
[Date "2010.01.04"]
[Round "4.53"]
[White "Marach, Jonas"]
[Black "Langenfeld, Stefan"]
[Result "1/2-1/2"]
[WhiteElo "1400"]
[BlackElo "1958"]
[PlyCount "118"]
[EventDate "2010.01.??"]
[EventType "swiss"]
[EventRounds "7"]
[EventCountry "GER"]
[SourceDate "2005.10.24"]

1. e4 c5 2. Nf3 Nc6 3. d4 cxd4 4. Nxd4 e5 5. Nf3 Nf6 6. Nc3 Bb4 7. Bd3 d5 8.
exd5 Nxd5 9. Bd2 Bxc3 10. bxc3 O-O 11. O-O a6 12. c4 Nf6 13. Bc3 Bg4 14. h3
Bxf3 15. Qxf3 Qc7 16. Qf5 Rfe8 17. Rfe1 Rad8 18. f4 Qb6+ 19. Kh2 Nd4 20. Bxd4
exd4 21. Re5 g6 22. Qg5 Nh5 23. Rae1 Rxe5 24. Qxe5 Qf6 25. Qxf6 Nxf6 26. g4 h6
27. Re7 Rd7 28. Rxd7 Nxd7 29. f5 g5 30. Kg2 f6 31. Kf3 Nc5 32. Ke2 Kf7 33. Kd2
Ke7 34. c3 dxc3+ 35. Kxc3 a5 36. Bc2 Kd6 37. Kd4 b6 38. a4 Nd7 39. Be4 Nb8 40.
Bb7 Nd7 41. Be4 Nc5 42. Bc2 Na6 43. Bb3 Nb4 44. Bd1 Nc6+ 45. Kd3 Kc5 46. Kc3
Ne5 47. Be2 Nf7 48. Bf3 Nd6 49. Bd5 Ne8 50. Be4 Ng7 51. Bf3 Ne8 52. Bg2 Nc7 53.
Bb7 Ne8 54. Bf3 Ng7 55. Bd5 h5 56. Bf7 hxg4 57. hxg4 Kc6 58. Kd4 Kd6 59. Bg6
Kc6 1/2-1/2

[Event "Niedersachsen-ch B"]
[Site "Verden"]
[Date "2010.01.04"]
[Round "4.54"]
[White "Menze, Gerold"]
[Black "Aden, Dagmar"]
[Result "1/2-1/2"]
[WhiteElo "1400"]
[BlackElo "1810"]
[PlyCount "79"]
[EventDate "2010.01.??"]
[EventType "swiss"]
[EventRounds "7"]
[EventCountry "GER"]
[SourceDate "2005.10.24"]

1. b4 Nf6 2. Bb2 g6 3. e3 Bg7 4. b5 c5 5. c4 O-O 6. Nf3 d5 7. a4 Bf5 8. Be2
dxc4 9. Bxc4 Bd3 10. Ne5 Bxc4 11. Nxc4 Qd5 12. Qe2 Qxg2 13. Qf1 Qxf1+ 14. Kxf1
Nbd7 15. Nc3 Rfd8 16. Ke2 Ng4 17. Nd5 Bxb2 18. Nxb2 e6 19. Nc3 Nb6 20. f3 Ne5
21. d3 Nd5 22. Ne4 b6 23. f4 Ng4 24. Nc4 Ngf6 25. Ncd2 Nxe4 26. Nxe4 Kg7 27.
Rhd1 Nb4 28. a5 Rab8 29. axb6 axb6 30. Ra7 Ra8 31. Rda1 Rxa7 32. Rxa7 h6 33.
Rb7 Nd5 34. Kd2 Ra8 35. Nd6 Ra2+ 36. Ke1 Nxe3 37. Rxf7+ Kg8 38. Rb7 Nd5 39. Nc4
Ra1+ 40. Kf2 1/2-1/2

[Event "Niedersachsen-ch B"]
[Site "Verden"]
[Date "2010.01.04"]
[Round "4.55"]
[White "Hanemann, Henno"]
[Black "Aldegeerds, Julian"]
[Result "1-0"]
[WhiteElo "1838"]
[BlackElo "1378"]
[PlyCount "41"]
[EventDate "2010.01.??"]
[EventType "swiss"]
[EventRounds "7"]
[EventCountry "GER"]
[SourceDate "2005.10.24"]

1. e4 e5 2. Nf3 Nc6 3. Bc4 Nf6 4. d3 Bc5 5. c3 d6 6. O-O O-O 7. Bg5 Na5 8. b4
Nxc4 9. bxc5 Na5 10. d4 h6 11. Bh4 dxc5 12. Qa4 Nc6 13. d5 g5 14. Bg3 Ne7 15.
Nxe5 Bd7 16. Qc2 c6 17. d6 Nc8 18. Nd2 Nxd6 19. Nxd7 Nfxe4 20. Nxe4 Nxe4 21.
Nxf8 1-0

[Event "Niedersachsen-ch B"]
[Site "Verden"]
[Date "2010.01.04"]
[Round "4.56"]
[White "Roehl, Bernd"]
[Black "Kaphle, Kerstin"]
[Result "1-0"]
[WhiteElo "1718"]
[BlackElo "1362"]
[PlyCount "67"]
[EventDate "2010.01.??"]
[EventType "swiss"]
[EventRounds "7"]
[EventCountry "GER"]
[SourceDate "2005.10.24"]

1. Nf3 Nc6 2. d4 d5 3. c4 e6 4. Nc3 Bb4 5. a3 Bxc3+ 6. bxc3 Nf6 7. Bg5 h6 8.
Bh4 g5 9. Bg3 Ne4 10. Rc1 f6 11. e3 h5 12. h4 Nxg3 13. fxg3 g4 14. Nd2 Ne7 15.
c5 c6 16. Bd3 Nf5 17. Bxf5 exf5 18. O-O O-O 19. Qb3 Kg7 20. c4 Qc7 21. Rf4 Be6
22. Qd3 Rfd8 23. cxd5 Rxd5 24. Nc4 Rad8 25. Nd6 Qd7 26. Rcf1 b6 27. e4 fxe4 28.
Qxe4 f5 29. Nxf5+ Bxf5 30. Rxf5 Rxd4 31. Rg5+ Kh8 32. Qe5+ Kh7 33. Rxh5+ Kg6
34. Qg5# 1-0

[Event "Niedersachsen-ch B"]
[Site "Verden"]
[Date "2010.01.04"]
[Round "4.57"]
[White "Weis, Hans Juergen"]
[Black "Kramer, Norbert"]
[Result "1/2-1/2"]
[WhiteElo "1371"]
[BlackElo "1801"]
[PlyCount "33"]
[EventDate "2010.01.??"]
[EventType "swiss"]
[EventRounds "7"]
[EventCountry "GER"]
[SourceDate "2005.10.24"]

1. d4 d5 2. c4 e5 3. e3 exd4 4. Qxd4 Nc6 5. Qxd5 Be6 6. Qxd8+ Rxd8 7. Bd2 Nb4
8. Bxb4 Bxb4+ 9. Nc3 Nf6 10. Nf3 Ne4 11. Rc1 O-O 12. Be2 c5 13. O-O Bxc3 14.
bxc3 Nd2 15. Rfd1 Bxc4 16. Rxd2 Rxd2 17. Bxc4 1/2-1/2

[Event "Niedersachsen-ch B"]
[Site "Verden"]
[Date "2010.01.04"]
[Round "4.58"]
[White "Reinkemeier, Fabian"]
[Black "Sieber, Fiona"]
[Result "0-1"]
[WhiteElo "1656"]
[BlackElo "1285"]
[PlyCount "69"]
[EventDate "2010.01.??"]
[EventType "swiss"]
[EventRounds "7"]
[EventCountry "GER"]
[SourceDate "2005.10.24"]

1. e4 c5 2. c4 Nc6 3. Nc3 Nf6 4. f4 d6 5. d3 e6 6. Nf3 Qc7 7. Be2 Be7 8. h3 a6
9. a4 Nb4 10. b3 Qb6 11. g4 Nd7 12. Bb2 Qa7 13. Rg1 e5 14. Nd5 Nxd5 15. exd5 f6
16. f5 Qb6 17. Bc1 g5 18. fxg6 hxg6 19. h4 Qc7 20. h5 g5 21. Qc2 Nf8 22. a5 Nh7
23. d4 Nf8 24. dxe5 dxe5 25. Bd3 Kd8 26. Nd2 Bd6 27. Bb2 Rh6 28. Bc3 Rb8 29.
Nf1 Bd7 30. Ne3 Ke7 31. Bf5 Rh8 32. Ke2 Re8 33. Bxd7 Qxd7 34. Nf5+ Kd8 35. Bd2
{Zeit} 0-1

[Event "Niedersachsen-ch B"]
[Site "Verden"]
[Date "2010.01.04"]
[Round "4.59"]
[White "Wagner, Dario"]
[Black "Rethmann, Kristin"]
[Result "0-1"]
[WhiteElo "1328"]
[BlackElo "1784"]
[PlyCount "118"]
[EventDate "2010.01.??"]
[EventType "swiss"]
[EventRounds "7"]
[EventCountry "GER"]
[SourceDate "2005.10.24"]

1. e4 Nf6 2. Nc3 d5 3. exd5 Nxd5 4. Bc4 Nb6 5. Bb3 Nc6 6. Nf3 Bf5 7. d3 e6 8.
Bf4 Bc5 9. Qd2 Qd7 10. O-O-O O-O-O 11. Rhe1 Bg4 12. Qe2 Nd4 13. Qe4 Bxf3 14.
gxf3 Nxb3+ 15. cxb3 Bxf2 16. Re2 Bc5 17. Rc2 Nd5 18. Nxd5 Qxd5 19. Qxd5 Rxd5
20. Bxc7 Kxc7 21. b4 Kb6 22. bxc5+ Rxc5 23. Rdd2 Rhc8 24. Rxc5 Rxc5+ 25. Kd1
Kc6 26. Ke2 Re5+ 27. Kd1 Re3 28. Rc2+ Kd7 29. Rc3 Rxf3 30. Rb3 b6 31. Ra3 a5
32. Rb3 Kc6 33. Rc3+ Kb7 34. Ke2 Rh3 35. Kf1 Rxh2 36. Rb3 g5 37. Rb5 f6 38. Kg1
Rd2 39. Rb3 h5 40. Kf1 h4 41. Ke1 Rc2 42. Rb5 Kc6 43. Rb3 h3 44. d4 h2 45. Rh3
Rg2 46. Kf1 Rg1+ 47. Ke2 h1=Q 48. Rxh1 Rxh1 49. Kd3 Kd5 50. a3 Rh3+ 51. Kd2
Kxd4 52. b4 Rh2+ 53. Ke1 Ke3 54. Kd1 axb4 55. axb4 b5 56. Kc1 Kd3 57. Kb1 Kc3
58. Ka1 Kb3 59. Kb1 Rh1# 0-1

[Event "Niedersachsen-ch B"]
[Site "Verden"]
[Date "2010.01.04"]
[Round "4.60"]
[White "Suendorf, Dominik"]
[Black "Worpenberg, Lukas"]
[Result "1-0"]
[WhiteElo "1752"]
[BlackElo "1306"]
[PlyCount "91"]
[EventDate "2010.01.??"]
[EventType "swiss"]
[EventRounds "7"]
[EventCountry "GER"]
[SourceDate "2005.10.24"]

1. e4 e5 2. Nf3 Nf6 3. d4 exd4 4. e5 Nd5 5. Nxd4 Nb6 6. Bd3 Bc5 7. Nb3 Be7 8.
Nc3 Nc6 9. Bf4 d6 10. Qe2 Be6 11. O-O-O Bg5 12. g3 Bxf4+ 13. gxf4 Qh4 14. Qe3
O-O-O 15. Bb5 Nb4 16. exd6 Rxd6 17. Rxd6 cxd6 18. a3 N4d5 19. Nxd5 Bxd5 20. Rd1
Qf6 21. Nd2 Kb8 22. f3 Rc8 23. Ne4 Qf5 24. Bd3 Qe6 25. Qd4 f6 26. f5 Qe5 27.
Qb4 Qxh2 28. Nxd6 Rd8 29. Ne4 Qf4+ 30. Nd2 Qxb4 31. axb4 Nd7 32. c4 Ne5 33. Be2
Rc8 34. b3 b5 35. c5 a6 36. Kb2 Bc6 37. f4 Nf7 38. Nf3 Kc7 39. Nd4 Bd7 40. Ne6+
Bxe6 41. fxe6 Nd8 42. Rd7+ Kb8 43. e7 Nf7 44. Bf3 Re8 45. Bd5 Kc8 46. Be6 1-0

[Event "Niedersachsen-ch B"]
[Site "Verden"]
[Date "2010.01.04"]
[Round "4.61"]
[White "Boehning, Kilian"]
[Black "Roemer, Helmut"]
[Result "0-1"]
[WhiteElo "1247"]
[BlackElo "1672"]
[PlyCount "92"]
[EventDate "2010.01.??"]
[EventType "swiss"]
[EventRounds "7"]
[EventCountry "GER"]
[SourceDate "2005.10.24"]

1. d4 Nf6 2. Nc3 d5 3. Bf4 c6 4. f3 Bf5 5. e3 e6 6. Bd3 Bxd3 7. Qxd3 Nbd7 8. e4
Nh5 9. Be3 Nb6 10. g4 dxe4 11. Nxe4 Nf6 12. Bg5 Be7 13. Bxf6 Bxf6 14. Nxf6+
Qxf6 15. O-O-O O-O-O 16. Qc3 Nd5 17. Qa3 Qf4+ 18. Kb1 Ne3 19. Ne2 Qxf3 20. Rde1
Qe4 21. Qc3 Ng2 22. Ng3 Qxd4 23. Qxd4 Rxd4 24. Ref1 Rhd8 25. c3 R4d7 26. Nh5
Ne3 27. Rfg1 f6 28. Nf4 e5 29. Ne6 Rg8 30. Nc5 Rd5 31. Nb3 Rgd8 32. h4 Rd1+ 33.
Rxd1 Rxd1+ 34. Rxd1 Nxd1 35. Kc2 Ne3+ 36. Kd3 Nxg4 37. Nc5 f5 38. Ne6 g6 39.
Nf8 Nf6 40. Ke3 Kc7 41. Ne6+ Kd6 42. Ng5 Ke7 43. Nf3 Nd5+ 44. Ke2 Kf6 45. c4
Nf4+ 46. Ke3 h6 {Nach großen Mühen konnte eine Partie rekonstriuert werden.}
0-1

[Event "Niedersachsen-ch B"]
[Site "Verden"]
[Date "2010.01.04"]
[Round "4.62"]
[White "Rose, Shawn"]
[Black "Rosin, Julius"]
[Result "1-0"]
[WhiteElo "1650"]
[BlackElo "1247"]
[PlyCount "133"]
[EventDate "2010.01.??"]
[EventType "swiss"]
[EventRounds "7"]
[EventCountry "GER"]
[SourceDate "2005.10.24"]

1. Nc3 e5 2. e4 Nf6 3. g3 Bc5 4. Bg2 O-O 5. d3 d6 6. h3 Nc6 7. Nge2 Be6 8. Na4
Bb4+ 9. c3 Ba5 10. b4 Bb6 11. Nxb6 axb6 12. O-O Qd7 13. Kh2 d5 14. Qc2 Rac8 15.
f4 dxe4 16. dxe4 exf4 17. Nxf4 Qe7 18. a4 Rcd8 19. b5 Na5 20. Ba3 Qd7 21. Bxf8
Rxf8 22. Nxe6 Qxe6 23. Rad1 Nc4 24. Qe2 Nd7 25. Rd4 Nde5 26. Rfd1 h6 27. Bf1
Nd6 28. Bg2 Ndc4 29. Rd8 Rxd8 30. Rxd8+ Kh7 31. Rd4 Qe7 32. Rxc4 Nxc4 33. Qxc4
Qd7 34. e5 Qe7 35. Bxb7 Kh8 36. Qd4 f6 37. exf6 gxf6 38. Be4 Kg8 39. Qd5+ Kg7
40. Qf5 Kf8 41. Qh7 Qd6 42. Qxh6+ Ke7 43. Bf5 Qd1 44. Qg7+ Ke8 45. Qg8+ Ke7 46.
Qe6+ Kf8 47. Qxf6+ Kg8 48. Be6+ Kh7 49. Qf7+ Kh6 50. Qf8+ Kh7 51. Qg8+ (51.
Bf5#) 51... Kh6 52. Qh8+ Kg6 53. Qg8+ Kh6 54. Bd5 Qxa4 55. Qe6+ Kg7 56. Qg4+
Qxg4 57. hxg4 Kf6 58. c4 Kg6 59. Kg2 Kg5 60. Kf3 c5 61. bxc6 Kf6 62. c7 Ke7 63.
c8=Q Kd6 64. Ke4 Ke7 65. Qe6+ Kd8 66. Qf7 b5 67. Be6 1-0

[Event "Niedersachsen-ch B"]
[Site "Verden"]
[Date "2010.01.04"]
[Round "4.63"]
[White "Rau, Nikita"]
[Black "Bach, Jannik"]
[Result "0-1"]
[WhiteElo "1238"]
[BlackElo "1673"]
[PlyCount "66"]
[EventDate "2010.01.??"]
[EventType "swiss"]
[EventRounds "7"]
[EventCountry "GER"]
[SourceDate "2005.10.24"]

1. d4 Nf6 2. c4 g6 3. Nc3 Bg7 4. Nf3 c5 5. d5 d6 6. e3 O-O 7. Be2 e6 8. O-O
exd5 9. cxd5 a6 10. a4 Re8 11. Bd3 Nbd7 12. Re1 Qc7 13. Nd2 Rb8 14. Rb1 Ne5 15.
Qe2 Bd7 16. f4 Nxd3 17. Qxd3 b5 18. axb5 axb5 19. b4 c4 20. Qc2 Qb6 21. Nf1 Bf5
22. Qd2 Bxb1 23. Nxb1 Ne4 24. Qc2 Ra8 25. Nbd2 Nxd2 26. Bxd2 Ra7 27. Ng3 Rea8
28. Ne4 Ra2 29. Qd1 Ra1 30. Qf3 Rxe1+ 31. Bxe1 Ra1 32. Kf2 Ra2+ 33. Kg3 Ra3 0-1

[Event "Niedersachsen-ch B"]
[Site "Verden"]
[Date "2010.01.04"]
[Round "4.64"]
[White "Buetow, Ingo"]
[Black "Koch, Yannick"]
[Result "1/2-1/2"]
[WhiteElo "1789"]
[BlackElo "1176"]
[PlyCount "34"]
[EventDate "2010.01.??"]
[EventType "swiss"]
[EventRounds "7"]
[EventCountry "GER"]
[SourceDate "2005.10.24"]

1. c4 e5 2. Nc3 Nf6 3. g3 Be7 4. Bg2 O-O 5. a3 c6 6. e4 d6 7. d4 Qb6 8. Nge2 a5
9. O-O Bd7 10. h3 Qc7 11. Be3 b5 12. cxb5 cxb5 13. Rc1 Qb7 14. f4 b4 15. axb4
axb4 16. Nd5 Nxd5 17. exd5 exf4 1/2-1/2

[Event "Niedersachsen-ch B"]
[Site "Verden"]
[Date "2010.01.04"]
[Round "4.65"]
[White "Schneider, Waldemar"]
[Black "Raetzke von Stoyentin, Steffen"]
[Result "1-0"]
[WhiteElo "1602"]
[BlackElo "1240"]
[PlyCount "125"]
[EventDate "2010.01.??"]
[EventType "swiss"]
[EventRounds "7"]
[EventCountry "GER"]
[SourceDate "2005.10.24"]

1. d4 Nf6 2. c4 c6 3. Nc3 d5 4. e3 e6 5. Nf3 Bb4 6. Qc2 O-O 7. Bd3 dxc4 8. Bxc4
b5 9. Bd3 Nd5 10. Bxh7+ Kh8 11. Bd3 Qa5 12. Bd2 Nd7 13. O-O Qd8 14. e4 N5f6 15.
e5 Nd5 16. Nxd5 Bxd2 17. Qxc6 exd5 18. Qxa8 Nb6 19. Qxa7 Bb4 20. Bxb5 Nd7 21.
Bxd7 Bxd7 22. Qb7 Be7 23. Qxd5 Be6 24. Qxd8 Rxd8 25. a3 Rb8 26. b4 Ra8 27. h3
f6 28. Rfd1 Bb3 29. Rd3 Bc4 30. Rc3 Bd5 31. Rd1 f5 32. Rdc1 Kh7 33. Rc7 Bd8 34.
Rc8 Rxc8 35. Rxc8 Bb6 36. Rc5 Bxc5 37. dxc5 Kg8 38. Nd4 g6 39. a4 Kf8 40. a5
Ke7 41. h4 Be4 42. f3 Bd3 43. Kf2 Kd7 44. Ke3 Bc4 45. g4 fxg4 46. fxg4 Ba2 47.
h5 gxh5 48. gxh5 Kc7 49. h6 Bb1 50. b5 Bg6 51. a6 Kb8 52. b6 Kc8 53. c6 Kd8 54.
a7 Ke7 55. b7 Kf7 56. e6+ Ke7 57. a8=Q Bb1 58. c7 Bg6 59. b8=Q Kf6 60. c8=Q Kg5
61. Qg2+ Kf6 62. Qf4+ Bf5 63. Qg7# {Die letzten Züge ohne Gewähr.} 1-0

[Event "Niedersachsen-ch B"]
[Site "Verden"]
[Date "2010.01.04"]
[Round "4.66"]
[White "Guenther, Alexander"]
[Black "Vonhoff, Joerg"]
[Result "0-1"]
[WhiteElo "1114"]
[BlackElo "1711"]
[PlyCount "92"]
[EventDate "2010.01.??"]
[EventType "swiss"]
[EventRounds "7"]
[EventCountry "GER"]
[SourceDate "2005.10.24"]

1. e4 c5 2. Nf3 d6 3. d4 cxd4 4. Nxd4 Nf6 5. Nc3 a6 6. Bc4 e6 7. Bg5 Be7 8. O-O
b5 9. Bb3 b4 10. Nce2 Nxe4 11. Bxe7 Qxe7 12. Ba4+ Bd7 13. Bxd7+ Qxd7 14. Qd3 d5
15. f3 Nf6 16. Qb3 a5 17. c3 bxc3 18. Nxc3 O-O 19. f4 Nc6 20. Ncb5 Rfb8 21.
Nxc6 Qxc6 22. a4 Ne4 23. Rfc1 Qb6+ 24. Kh1 Nf2+ 25. Kg1 Nd3+ 26. Kh1 Nxc1 27.
Rxc1 Rc8 28. Rxc8+ Rxc8 29. Qd1 Qe3 30. Nc3 Qxf4 31. g3 Qf2 32. h4 Qxb2 33. Ne2
Rc2 34. Kh2 Rxe2+ 35. Kh3 Rh2+ 36. Kg4 Qe2+ 37. Qxe2 Rxe2 38. Kh5 Ra2 (38...
Re4 39. g4 (39. Kg5 h6+ 40. Kh5 Kh7 41. g4 g6#) 39... f6 40. g5 g6+ 41. Kh6
Rxh4#) 39. g4 Rxa4 40. Kg5 Re4 41. Kh5 a4 42. Kg5 a3 43. Kh5 a2 44. Kg5 a1=Q
45. Kh5 Qd1 46. Kg5 Qxg4# 0-1

[Event "Niedersachsen-ch B"]
[Site "Verden"]
[Date "2010.01.04"]
[Round "4.67"]
[White "Genath, Maren"]
[Black "Sablotny, Juergen"]
[Result "0-1"]
[WhiteElo "1084"]
[BlackElo "1833"]
[PlyCount "44"]
[EventDate "2010.01.??"]
[EventType "swiss"]
[EventRounds "7"]
[EventCountry "GER"]
[SourceDate "2005.10.24"]

1. e4 e6 2. d4 d5 3. e5 c5 4. Nf3 Nc6 5. Bb5 Bd7 6. O-O cxd4 7. Nxd4 Nxe5 8.
Bxd7+ Nxd7 9. Nc3 a6 10. Be3 Be7 11. Qg4 Bf6 12. Nce2 Ne7 13. c3 Ne5 14. Qg3
N7g6 15. Nf3 Rc8 16. Bg5 Nxf3+ 17. Qxf3 Bxg5 18. Rfd1 O-O 19. b3 Bf6 20. Rac1 {
Welcher Tc1?} Nh4 21. Qh3 Qb6 22. Nd4 Ng6 0-1

[Event "Niedersachsen-ch B"]
[Site "Verden"]
[Date "2010.01.04"]
[Round "4.68"]
[White "Kollars, Michael"]
[Black "Mai, Robin"]
[Result "1/2-1/2"]
[WhiteElo "1530"]
[BlackElo "1152"]
[PlyCount "91"]
[EventDate "2010.01.??"]
[EventType "swiss"]
[EventRounds "7"]
[EventCountry "GER"]
[SourceDate "2005.10.24"]

1. e4 d5 2. exd5 Qxd5 3. Nc3 Qd6 4. Nf3 Nf6 5. d4 Bf5 6. g3 a6 7. Bf4 Qb6 8. b3
e6 9. a3 Nc6 10. Na4 Qa5+ 11. Bd2 Qd5 12. Nc3 Qd7 13. Be3 O-O-O 14. Bg2 Bg4 15.
Ne2 g6 16. h3 Bxf3 17. Bxf3 Bg7 18. Bg2 h6 19. O-O g5 20. c3 Nh7 21. b4 f5 22.
a4 e5 {(=)} 23. b5 Nb8 24. bxa6 Nxa6 25. Qb3 e4 26. Rab1 b6 27. Qc4 Nb8 28.
Rxb6 Qd5 29. Qxd5 Rxd5 30. Rb3 Ra5 31. Rfb1 Na6 32. f3 Nf6 33. Bd2 Rxa4 34. g4
fxg4 35. hxg4 Re8 36. fxe4 Nxe4 37. Be1 Ra2 38. R3b2 Rxb2 39. Rxb2 Kd7 40. Kh2
Nd6 41. Bg3 Nc4 42. Ra2 Ne3 43. Bf3 Nb8 44. Ra1 Bf8 45. Kh3 Nc4 46. Ng1 1/2-1/2

[Event "Niedersachsen-ch B"]
[Site "Verden"]
[Date "2010.01.04"]
[Round "4.69"]
[White "Knobel, Dagmar"]
[Black "Knobel, Hannah Bettina"]
[Result "0-1"]
[WhiteElo "1150"]
[BlackElo "1482"]
[PlyCount "76"]
[EventDate "2010.01.??"]
[EventType "swiss"]
[EventRounds "7"]
[EventCountry "GER"]
[SourceDate "2005.10.24"]

1. d4 d5 2. c4 e6 3. e3 Nf6 4. Nc3 Bd6 5. Nf3 O-O 6. Bd3 b6 7. O-O dxc4 8. Bxc4
Bb7 9. Re1 Nbd7 10. e4 e5 11. dxe5 Nxe5 12. Nxe5 Bxe5 13. Nd5 Re8 14. Rb1 h6
15. b3 Nxd5 16. Bxd5 Bxd5 17. exd5 Qd6 18. g3 Rad8 19. Bb2 Qxd5 20. Bxe5 Rxe5
21. Rxe5 Qxd1+ 22. Rxd1 Rxd1+ 23. Kg2 Rd2 24. a4 Rd3 25. Re7 Rxb3 26. Rxc7 a5
27. Rb7 Kf8 28. Kf1 Rb4 29. Ke2 Rxa4 30. Rxb6 Ke7 31. h3 Ra1 32. Ra6 a4 33. Kd3
Ra2 34. Ke3 a3 35. f4 Ra1 36. Kd2 a2 37. Kc2 Rg1 38. Rxa2 Rxg3 0-1

[Event "Niedersachsen-ch B"]
[Site "Verden"]
[Date "2010.01.04"]
[Round "4.70"]
[White "Wernke Schmiesing, Sebastian"]
[Black "Laubrock, Paul"]
[Result "1-0"]
[WhiteElo "1475"]
[BlackElo "1089"]
[PlyCount "137"]
[EventDate "2010.01.??"]
[EventType "swiss"]
[EventRounds "7"]
[EventCountry "GER"]
[SourceDate "2005.10.24"]

1. e4 d5 2. exd5 Qxd5 3. Nc3 Qa5 4. d4 Nf6 5. Bd2 c6 6. Ne4 Qf5 7. Ng3 Qd5 8.
c3 Nbd7 9. Qc2 e5 10. Nf3 exd4 11. cxd4 Nb6 12. h3 Bd6 13. a4 c5 14. a5 Nbd7
15. Bc4 Qc6 16. d5 Nxd5 17. Qe4+ Ne7 18. Bd5 Qc7 (18... Qxd5) 19. Nf5 Nf6 20.
Bxf7+ Kxf7 21. Ng5+ Kf8 22. Ne6+ Bxe6 23. Qxe6 Nxf5 24. Qxf5 Qe7+ 25. Be3 Qe5
26. Qxe5 Bxe5 27. Bxc5+ Kf7 28. O-O Nd7 29. Ba3 Rac8 30. Rad1 Rhd8 31. Rfe1 Bb8
32. Be7 Re8 33. Rxd7 b6 34. Bd6+ Kg6 35. Rxe8 Rxe8 36. Bxb8 Rxb8 37. a6 Ra8 38.
g4 Kf6 39. f4 Kg6 40. h4 h6 41. Kf2 Kf6 42. Kf3 Kg6 43. f5+ Kf6 44. Ke4 Re8+
45. Kd5 Re5+ 46. Kc6 Ra5 47. Rxa7 Ra2 48. b4 Ke5 49. Kxb6 Kf6 50. Rc7 Rb2 51.
b5 Ra2 52. a7 Ra3 53. Kb7 Rb3 54. b6 Re3 55. a8=Q Rg3 56. Qd8+ Ke5 57. Re7+ Kf4
58. Qd4+ Kf3 59. Re3+ Kg2 60. Rxg3+ Kxg3 61. Qxg7 Kxh4 62. f6 Kg3 63. f7 Kf3
64. f8=Q+ Ke4 65. Qf5+ Ke3 66. Qge5+ Kd2 67. Qf3 Kc1 68. Qee2 Kb1 69. Qff1# {
Welche Dame jeweils gezogen wurde, wurde nicht notiert.} 1-0

[Event "Niedersachsen-ch B"]
[Site "Verden"]
[Date "2010.01.04"]
[Round "4.71"]
[White "Aden, Keno"]
[Black "Haniszewski, Patrick"]
[Result "1/2-1/2"]
[WhiteElo "899"]
[BlackElo "1463"]
[PlyCount "97"]
[EventDate "2010.01.??"]
[EventType "swiss"]
[EventRounds "7"]
[EventCountry "GER"]
[SourceDate "2005.10.24"]

1. e4 b6 2. Nf3 Bb7 3. Nc3 e6 4. g3 Bb4 5. d3 c5 6. Bg2 Nf6 7. Bd2 d6 8. O-O
O-O 9. Rb1 Nbd7 10. a3 Bxc3 11. Bxc3 a5 12. Qe2 b5 13. b4 axb4 14. axb4 Bc6 15.
Ra1 Qb6 16. Qe3 c4 17. Bd4 Qb7 18. Rfc1 Ra4 19. Bc3 Rfa8 20. Qf4 e5 21. Qe3 h6
22. Nh4 Qb6 23. Qe2 Rxa1 24. Rxa1 Rxa1+ 25. Bxa1 Qa7 26. Qe1 Ng4 27. Nf5 Nxf2
28. Qxf2 Qxa1+ 29. Qf1 Qxf1+ 30. Bxf1 Nb6 31. Nxd6 cxd3 32. Bxd3 Nc4 33. Nxc4
bxc4 34. Bxc4 Bxe4 35. c3 Bc6 36. b5 Bb7 37. Bd3 Kf8 38. c4 Ke7 39. c5 Bd5 40.
Kf2 f6 41. Be2 {(=)} g5 42. g4 Kd7 43. Ke3 Kc7 44. Kd2 Be4 45. Kc3 f5 46. h3 {
(=)} Bg2 47. gxf5 Bxh3 48. f6 Be6 {Dieser Zug wurde nicht notiert und mußte
geraten werden, liegt aber auf der Hand.} 49. Kb4 ({Schade:} 49. Bc4 {gewinnt.}
) 1/2-1/2

[Event "Niedersachsen-ch B"]
[Site "Verden"]
[Date "2010.01.04"]
[Round "4.72"]
[White "Franke, Klaus"]
[Black "Van den Berg, Adrianus"]
[Result "1-0"]
[WhiteElo "1946"]
[BlackElo "1122"]
[PlyCount "51"]
[EventDate "2010.01.??"]
[EventType "swiss"]
[EventRounds "7"]
[EventCountry "GER"]
[SourceDate "2005.10.24"]

1. d4 d5 2. Nf3 Nf6 3. e3 e6 4. Bd3 c5 5. c3 Nc6 6. Nbd2 a6 7. O-O b5 8. Qe2 c4
9. Bc2 Bd6 10. e4 dxe4 11. Nxe4 Bb7 12. Nxf6+ Qxf6 13. Bg5 Nxd4 14. cxd4 Bxf3
15. Qe3 Bd5 16. Bxf6 gxf6 17. Be4 O-O-O 18. b3 f5 19. Bxd5 exd5 20. Qh3 Kc7 21.
Qxf5 Rd7 22. bxc4 bxc4 23. Rab1 Rc8 24. Rb7+ Kxb7 25. Qxd7+ Bc7 26. Rb1+ 1-0